000 00501nam a2200193Ia 4500
003 GCL
008 140319s9999 xx 000 0 eng d
040 _aGCL /
_cGCL
082 0 4 _aCH
_b272.19
_bB C
100 1 _aBAXTER, NICOLA
245 1 0 _aCHILDREN'S ATLAS OF THE BIBLE /
_cBAXTER, NICOLA
260 _a[S.N] :
_bWORLD INTERNATIONAL PUBLISHING ،
_c1991
300 _a29 PP
650 0 4 _aREADING
650 0 4 _aCHILDREN
650 0 4 _aCHRISTIANITY
650 0 4 _aBIBLE STORIES
942 _2ddc
_cBK
999 _c18003
_d18003